01027 2200337 4500001002100000005001500021035002000036007000300056008004100059020002200100040002200122082001400144084001600158090002200174100002500196245010200221250003400323300003000357650001600387700002700403850001200430041001300442504003400455264003400489336002100523337003000544338002300574546004800597999002200645990002200667INLIS00000000086482120210920093357 a0010-0921000571ta210920s2021 yoi f ind d a978-623-7212-98-0 aYOPDYOGbinderda04223a297.4 a297.4 ABD s aCB-D.11 2021-11070 aAbdulahanaaepenulis10aSubjek hukum dalam kajian fikih muamalah dan hukum positif /cAbdulahanaa; penyunting, Mardhaniah aCetakan pertama, Agustus 2021 axix, 290 halaman ;c23 cm 4aHukum Islam0 aMardhaniahepenyunting aYOPDYOG0 aindgara aBibliografi : halaman 274-28631aBantul :bLintas Nalar,c2021 2rdacontentateks 2rdamediaatanpa perantara 2rdacarrieravolume aTeks dalam bahasa Indonesia dan bahasa Arab aCB-D.11/2021-1107 aCB-D.11/2021-1107